Normal view
MARC view
Entry Topical Term
001 - CONTROL NUMBER
- control field: 72204
003 - CONTROL NUMBER IDENTIFIER
- control field: dpl
005 - DATE AND TIME OF LATEST TRANSACTION
- control field: 20240930123114.0
008 - FIXED-LENGTH DATA ELEMENTS
- fixed length control field: 240930|| aca||aabn | a|a d
040 ## - CATALOGING SOURCE
- Original cataloging agency: dpl
- Transcribing agency: dpl
150 ## - HEADING--TOPICAL TERM
- Topical term or geographic name as entry element: हिन्दी
670 ## - SOURCE DATA FOUND
- Source citation: Work cat.: (dpl)205552: चन्दन कुमार 72203, लोकतान्त्रिक व्यवस्था में पुलिस एवं अपराध नियंत्रण/, 2023
